00451 2200169 4500001002100000005001500021035002000036007000300056008004100059020001800100100001900118245003700137250001100174260003500185300004600220650001500266INLIS00000000000063220221128110105 a0010-1122000226ta221128 a 0 ind  a602-317-722-00 aNurul Chomaria1 aMengenal Allah /cNurul Chomaria aCet. I aSurakarta :bZiyadbooks,c2022 a24 halaman :bilustrasi berwarna ;c20 cm 4aRukun Iman